00611nam a2200205Ia 4500003000900000008004100009040001300050040001300063041000800076100001900084245010700103250001200210260001400222260000900236300001100245300001000256490004600266490000600312600008700318IT-RoPAU120407s9999 xx 000 0 und d aIT-RoPAU cIT-RoPAU aita aOscar Cullmann a"Cristologia del Nuovo Testamento. Tit. orig.: Die Christologie des Neuen Testaments. Trad. M. Ravà" aBologna aIl Mulino c1970 a507 p. c21 cm aCollana di studi religiosi L. 5000 v1 a 1 - Gesù Cristo 2 - Bibbia, Nuovo testamento, Cristologia I - Ravà Marcella.